The Perfect LUV Tape Tracklist (Lil Uzi Vert) - Statistics

General Stats
  • This quiz has been taken 24 times
  • The average score is 6 of 10
Answer Stats
Hint Answer % Correct
8 Erase Your Social
89%
1 Do What I Want
84%
2 Of Course We Ghetto Flowers
74%
7 You're Lost
74%
4 Money Mitch
63%
9 Ronda (Winners)
63%
10 Seven Million
63%
5 SideLine Watching (Hold Up)
47%
3 Original Uzi (4 Of Us)
37%
6 Alpha Romeo AW30 (I Can Drive)
16%
No matching quizzes found
Score Distribution
Percent of People with Each Score
Percentile by Number Answered
Your Score History
You have not taken this quiz